Алфавит дел №1

Доступно только в Электронных читальных залах Найти на картеНа карте
RUSMARC
00003612nmc2a22000003x 450
00177bee8b2-0620-4e0c-a569-4ef2fc2f264f
00520180119132736.0
100##$a20151215l18021816k l0rusy0189 ca
1010#$arus
102##$aRU
2001#$aАлфавит дел №1
$j1802-1816 гг.
251##$cДело
300##$aДело
801#0$aRU
$bРГИА
$c20151215
$gRCR
801#1$aRU
$bГлавНИВЦ
$c20151215
$2rusmarc
801#2$aRU
$bПБ им. Б.Н. Ельцина
$c20180119
$gRCR
$2rusmarc
850##$aРГИА
852##$aРГИА
$eФедеральное казенное учреждение "Российский государственный исторический архив" (РГИА)
$j564
937##$hРГИА
$d12187337
$aASBIBLIO_SCAN
462#0$1001a72b6b5a-b506-4d67-873a-f622b4f5e56d
$12001
$aДела Департамента народного просвещения по цензурной части
$1251
$cОпись
$1852
$j118
461#0$1001a74412a3-3cc5-4d21-8f0a-dfe2fbd9e72d
$12001
$aДепартамент народного просвещения Министерства народного просвещения (1803-1917)
$1251
$cФонд
$1852
$j733
371##$aДокумент не является опубликованным и широко распространяемым
105##$ay###
1222#$ad
215##$a136 л.
$d36,5х26 см
035##$a77bee8b2-0620-4e0c-a569-4ef2fc2f264f
856##$uhttp://readingroom.main.prlib.ru/item.aspx?id_node=n112552280&mode=full
Формат отображения